[Event "Muensterland Verbandsklasse 1415"]
[Site "Germany"]
[Date "2015.02.07"]
[Round "6.8"]
[White "Rosengarten, Detlef"]
[Black "Horstmann, Michael"]
[Result "1/2-1/2"]
[WhiteElo "1496"]
[BlackElo "1681"]
[PlyCount "39"]
[EventDate "2014.09.13"]
[EventType "team-tourn"]
[EventRounds "9"]
[EventCountry "GER"]
[SourceTitle "EXT 2016"]
[Source "ChessBase"]
[SourceDate "2015.10.08"]
[SourceVersion "1"]
[SourceVersionDate "2015.10.08"]
[SourceQuality "1"]
[WhiteTeam "Borken"]
[BlackTeam "Emsdetten Rochade II"]
[WhiteTeamCountry "GER"]
[BlackTeamCountry "GER"]

1. d4 Nf6 2. Nf3 e6 3. c4 Nc6 4. Nc3 Bb4 5. Qc2 d5 6. a3 Bxc3+ 7. Qxc3 Ne7 8. c5 Ng6 9. Bg5 h6 10. Bxf6 Qxf6 11. e3 c6 12. Bd3 Nh4 13. Nxh4 Qxh4 14. g3 Qf6 15. f4 Bd7 16. Rc1 0-0 17. Bb1 Rfe8 18. 0-0 g6 19. Rf2 Qe7 20. Rcf1 1/2-1/2

[Event "Muensterland Verbandsklasse 1314"]
[Site "Germany"]
[Date "2014.03.08"]
[Round "7.7"]
[White "Rosengarten, Detlef"]
[Black "Gravenkoetter, Christian"]
[Result "1/2-1/2"]
[WhiteElo "1515"]
[BlackElo "1659"]
[PlyCount "44"]
[EventDate "2013.09.21"]
[EventType "team-tourn"]
[EventRounds "9"]
[EventCountry "GER"]
[SourceTitle "EXT 2015"]
[Source "ChessBase"]
[SourceDate "2014.11.20"]
[SourceVersion "1"]
[SourceVersionDate "2014.11.20"]
[SourceQuality "1"]
[WhiteTeam "Borken"]
[BlackTeam "Metelen"]
[WhiteTeamCountry "GER"]
[BlackTeamCountry "GER"]

1. c4 e5 2. Nc3 Nc6 3. Nf3 Nf6 4. d3 h6 5. g3 Bb4 6. a3 Bxc3+ 7. bxc3 e4 8. Nd4 0-0 9. Bg2 exd3 10. exd3 Nxd4 11. cxd4 Re8+ 12. Be3 d5 13. 0-0 c6 14. Re1 Ng4 15. Bd2 Rxe1+ 16. Bxe1 Be6 17. Bf1 Nf6 18. f3 Qd7 19. Bf2 b5 20. c5 a5 21. Qd2 a4 22. Re1 Ra7 1/2-1/2

[Event "Muensterland Verbandsklasse 1314"]
[Site "Germany"]
[Date "2014.01.11"]
[Round "5.7"]
[White "Rosengarten, Detlef"]
[Black "Wehmschulte, Philipp"]
[Result "0-1"]
[WhiteElo "1515"]
[BlackElo "1592"]
[PlyCount "84"]
[EventDate "2013.09.21"]
[EventType "team-tourn"]
[EventRounds "9"]
[EventCountry "GER"]
[SourceTitle "EXT 2015"]
[Source "ChessBase"]
[SourceDate "2014.11.20"]
[SourceVersion "1"]
[SourceVersionDate "2014.11.20"]
[SourceQuality "1"]
[WhiteTeam "Borken"]
[BlackTeam "Ahaus Wessum II"]
[WhiteTeamCountry "GER"]
[BlackTeamCountry "GER"]

1. c4 c6 2. Nc3 d5 3. cxd5 cxd5 4. d4 Nc6 5. g3 Nf6 6. Bg2 e6 7. Nf3 Qb6 8. 0-0 Be7 9. a3 Bd7 10. Qd3 Na5 11. b4 Nc4 12. Nd2 Rc8 13. Nxc4 Rxc4 14. e3 0-0 15. Bd2 Rfc8 16. Rfc1 Qa6 17. Bf1 Qb6 18. Qb1 R4c7 19. Bd3 g6 20. Rc2 Ne8 21. Qa2 Nd6 22. Rac1 a6 23. Kg2 Nc4 24. Bxc4 Rxc4 25. Nd1 Rxc2 26. Rxc2 Rc6 27. Rxc6 Qxc6 28. Qb3 Bf6 29. Nb2 e5 30. dxe5 Bxe5 31. f3 Qb5 32. Kf2 Bh3 33. Nd3 Bg7 34. a4 Qc4 35. Qxc4 dxc4 36. Nc5 c3 37. Bc1 Bc8 38. a5 c2 39. Ke2 Bc3 40. Nd3 Be6 41. Bd2 Bc4 42. e4 Bxd2 0-1

[Event "Muensterland Verbandsklasse-B 1213"]
[Site "Germany"]
[Date "2013.05.11"]
[Round "9.8"]
[White "Rosengarten, Detlef"]
[Black "Gemsa, Michael"]
[Result "1/2-1/2"]
[WhiteElo "1476"]
[BlackElo "1447"]
[PlyCount "34"]
[EventDate "2012.09.15"]
[EventType "team-tourn"]
[EventRounds "9"]
[EventCountry "GER"]
[SourceTitle "EXT 2015"]
[Source "ChessBase"]
[SourceDate "2014.11.20"]
[SourceVersion "1"]
[SourceVersionDate "2014.11.20"]
[SourceQuality "1"]
[WhiteTeam "Borken"]
[BlackTeam "Gescher"]
[WhiteTeamCountry "GER"]
[BlackTeamCountry "GER"]

1. d4 g6 2. c4 Bg7 3. Nc3 c6 4. e4 d6 5. Nf3 Bg4 6. Be2 Bxf3 7. Bxf3 Nd7 8. Be3 e5 9. d5 Ndf6 10. Qd2 c5 11. 0-0 Ne7 12. a3 0-0 13. Be2 Nd7 14. b4 b6 15. Nb5 f5 16. f3 f4 17. Bf2 Nc8 1/2-1/2

[Event "Muensterland Verbandsklasse-A 1112"]
[Site "Germany"]
[Date "2012.04.21"]
[Round "8.7"]
[White "Rosengarten, Detlef"]
[Black "Mager, Helmut"]
[Result "0-1"]
[WhiteElo "1476"]
[BlackElo "1492"]
[PlyCount "50"]
[EventDate "2011.09.17"]
[EventType "team-tourn"]
[EventRounds "9"]
[EventCountry "GER"]
[SourceTitle "EXT 2013"]
[Source "ChessBase"]
[SourceDate "2012.11.22"]
[SourceVersion "1"]
[SourceVersionDate "2012.11.22"]
[SourceQuality "1"]
[WhiteTeam "Borken"]
[BlackTeam "Bocholt II"]
[WhiteTeamCountry "GER"]
[BlackTeamCountry "GER"]

1. d4 c6 2. c4 d5 3. e3 g6 4. Nc3 Nf6 5. Nf3 Bg7 6. b3 0-0 7. Bd3 Re8 8. Qc2 Nbd7 9. Bd2 e6 10. h4 e5 11. dxe5 Nxe5 12. Nxe5 Rxe5 13. 0-0-0 Bd7 14. f4 Re7 15. e4 Bg4 16. Rde1 dxe4 17. Nxe4 Nxe4 18. Bxe4 Qd4 19. Bd3 Rd7 20. Re3 Rad8 21. Rhe1 Qa1+ 22. Qb1 Qxb1+ 23. Kxb1 Rxd3 24. Re8+ Bf8 25. Bb4 Be6 0-1

[Event "Muensterland Verbandsklasse-A 0910"]
[Site "Germany"]
[Date "2010.01.30"]
[Round "6.8"]
[White "Kadenbach, Wolfgang"]
[Black "Rosengarten, Detlef"]
[Result "1-0"]
[WhiteElo "1704"]
[BlackElo "1410"]
[PlyCount "95"]
[EventDate "2009.09.19"]
[EventType "team-tourn"]
[EventRounds "9"]
[EventCountry "GER"]
[SourceTitle "EXT 2011"]
[Source "ChessBase"]
[SourceDate "2010.11.26"]
[SourceVersion "1"]
[SourceVersionDate "2010.11.26"]
[SourceQuality "1"]
[WhiteTeam "Raesfeld Erle"]
[BlackTeam "Borken"]
[WhiteTeamCountry "GER"]
[BlackTeamCountry "GER"]

1. d4 Nf6 2. c4 e6 3. Nf3 d5 4. Nc3 Bb4 5. Bd2 0-0 6. e3 Nbd7 7. Rc1 c6 8. Bd3 dxc4 9. Bxc4 Nb6 10. Bd3 Nbd5 11. 0-0 Nxc3 12. Bxc3 Bxc3 13. Rxc3 Nd5 14. Rc5 Bd7 15. Bb1 b6 16. Rc1 f6 17. Nh4 f5 18. Nf3 Rf6 19. Ne5 Rc8 20. Qe2 Rh6 21. g3 Be8 22. f4 Nf6 23. Qg2 Qd5 24. Rf2 Qxg2+ 25. Kxg2 Nd7 26. Nxc6 Kf8 27. Rfc2 a5 28. Ne5 Rxc2+ 29. Rxc2 Rf6 30. Nf3 Ke7 31. Rc8 Rf8 32. Rc7 Kd6 33. Rc1 Bh5 34. Ne5 Nxe5 35. dxe5+ Kd7 36. e4 g6 37. exf5 gxf5 38. Rc2 Rd8 39. a3 Be8 40. Ba2 Ke7 41. Rf2 Bc6+ 42. Kh3 Rg8 43. Rc2 Rc8 44. Kh4 Bd7 45. Rxc8 Bxc8 46. Kg5 Kf7 47. Kh6 Kg8 48. h3 1-0

[Event "Muensterland Verbandsklasse-B 0809"]
[Site "Germany"]
[Date "2008.09.13"]
[Round "1.8"]
[White "Rosengarten, Detlef"]
[Black "Krahn, Jan Henrik"]
[Result "0-1"]
[WhiteElo "1423"]
[BlackElo "1755"]
[PlyCount "116"]
[EventDate "2008.09.13"]
[EventType "team-tourn"]
[EventRounds "9"]
[EventCountry "GER"]
[SourceTitle "EXT 2010"]
[Source "ChessBase"]
[SourceDate "2010.11.25"]
[SourceVersion "1"]
[SourceVersionDate "2010.11.25"]
[SourceQuality "1"]
[WhiteTeam "Borken"]
[BlackTeam "Muenster SK IV"]
[WhiteTeamCountry "GER"]
[BlackTeamCountry "GER"]

1. Nf3 d5 2. b3 c5 3. Bb2 Nc6 4. e3 e6 5. c4 d4 6. d3 Nf6 7. Be2 Be7 8. 0-0 e5 9. h3 0-0 10. Na3 Bf5 11. Nc2 Bd6 12. e4 Bg6 13. Nh4 Ne7 14. Nxg6 Nxg6 15. Bc1 Nd7 16. Bd2 Be7 17. Bh5 Nf4 18. Bxf4 exf4 19. Ne1 Ne5 20. Be2 Bd6 21. Qd2 Qe7 22. Nf3 Nc6 23. Rfe1 Rae8 24. Bf1 Qf6 25. Re2 Bc7 26. a3 Ba5 27. Qc2 Bc3 28. Rb1 Re6 29. Qc1 g5 30. Qc2 h5 31. Nh2 a5 32. f3 Ne5 33. Qd1 Qg6 34. Rc2 Rfe8 35. Be2 Kf8 36. Qf1 f5 37. Qf2 fxe4 38. fxe4 b6 39. Nf3 Nf7 40. Rf1 Rf6 41. Nd2 Bxd2 42. Rxd2 g4 43. hxg4 hxg4 44. Qh4 f3 45. Bd1 Re5 46. gxf3 gxf3+ 47. Kf2 Rh5 48. Qg3 Rg5 49. Qb8+ Kg7 50. Ke1 Ne5 51. Rh2 Rf8 52. Qc7+ Qf7 53. Qxf7+ Rxf7 54. Kd2 Rg2+ 55. Rxg2+ fxg2 56. Rg1 Rf2+ 57. Kc1 Nxd3+ 58. Kb1 Nf4 0-1